000 00265nam a2200109Ia 4500
008 220204s9999 xx 000 0 und d
082 _a82-3
_bSTE
100 _aStevenson, Robert Louis
245 0 _aDr Jekyll and Mr Hyde
260 _aNew York
_bAirmont
942 _cBK
999 _c38246
_d38246